| 000 | 02036cam a22005294i 4500 | ||
|---|---|---|---|
| 003 | PE-LiUPU | ||
| 005 | 20250731165516.0 | ||
| 008 | 180719s2005 mx a rb 001 0 spa d | ||
| 020 | _a9789682472664 | ||
| 020 | _a9682472660 | ||
| 035 | _a(Sirsi) a250691 | ||
| 040 |
_aPE-LiUPU _bspa _cPE-LiUPU _erda |
||
| 049 | _aPRUA | ||
| 082 | 0 | 4 |
_a001.42 _bJ92 _221 |
| 100 | 1 |
_aRodríguez Campos, Ismael, _eautor. |
|
| 245 | 1 | 0 |
_aTécnicas de investigación documental / _cYolanda Jurado Rojas. |
| 264 | 1 |
_aMéxico : _bTrilla, _c2005. |
|
| 300 |
_a143 páginas : _bilustraciones ; _c23 centímetros |
||
| 336 |
_atext _2rdacontent |
||
| 337 |
_aunmediated _2rdamedia |
||
| 338 |
_avolume _2rdacarrier |
||
| 504 | _aBibliografía : páginas 133-134. | ||
| 504 | _aÍndice : páginas 135-143. | ||
| 505 | 0 | _aMétodo y técnica. Concepto de investigación documental -- Estructura de la investigación documental -- Elección y delimitación del tema -- Selección de bibliografía -- Plan de trabajo -- Fichas de trabajo -- Notas -- Composición y lecturas -- Redacción, revisión y presentación -- Uso de la computadora en la investigación -- Producciones científicas -- Algunas normas ortográficas -- Vocabulario académico. | |
| 526 | _aSEG44 | ||
| 526 | _aSEG26 | ||
| 526 | _aP151 | ||
| 526 | _aP150 | ||
| 526 | _aP149 | ||
| 526 | _aP146 | ||
| 526 | _aP145 | ||
| 526 | _aP126 | ||
| 526 | _aP125 | ||
| 526 | _aP92 | ||
| 526 | _aP75 | ||
| 526 | _aP74 | ||
| 526 | _aP27 | ||
| 526 | _aP15 | ||
| 541 | _g002-00000600; | ||
| 650 | 0 | 4 |
_aInvestigación _xMetodología. |
| 650 | 0 | 4 | _aDocumentación. |
| 910 |
_adbm _bksl _cksl _d20181119 |
||
| 942 |
_2ddc _cBOOK |
||
| 994 |
_aC0 _bPEPRU |
||
| 596 | _a1 | ||
| 999 |
_a001.42 R73 _wDEWEY _c30169 _i79246 _f2021-11-4 _g4 _lCCODEBUL1 _mBUL _p13.62 _r0 _sY _tBOOK _u2018-11-19 _xBIBLIOTECA _PP22 _0COMPRA _1FCOMPR2 _o.STAFF. Colección Ciencias de la Salud _d30169 |
||
| 980 |
_81 _gALBERTO SANCHEZ Responsable de Automatización |
||